Umění managementu [Autor světového bestselleru Co vás nenaučí na Harvardu]

Guardado en:
Detalles Bibliográficos
Autor principal: MacCormack, Mark H.
Otros Autores: Kasíková, Stanislava
Formato: Libro
Lenguaje:checo
Publicado: Praha PRAGMA 1997
Edición:1. vyd.
Materias:
Etiquetas: Agregar Etiqueta
Sin Etiquetas, Sea el primero en etiquetar este registro!

MARC

LEADER 00000nam a2200000 4500
001 c019010
005 20221214072219.2
020 |a 80-7205-398-1 
041 0 |a cze 
044 |a CZ 
245 1 0 |a Umění managementu  |b [Autor světového bestselleru Co vás nenaučí na Harvardu]  |c Mark H. MacCormack ; [Z angl. prel.] Stanislava Kasíková 
250 |a 1. vyd. 
264 1 |a Praha  |b PRAGMA  |c 1997 
300 |a 286 s. 
610 2 0 |a manažment 
610 2 0 |a riadenie 
610 2 0 |a porady 
610 2 0 |a vedenie 
610 2 0 |a autorita 
610 2 0 |a rozhodovanie 
610 2 0 |a oceňovanie 
610 2 0 |a nástroje riadenia 
100 1 |a MacCormack, Mark H. 
700 1 |a Kasíková, Stanislava